[Event "SRB-chT"]
[Site "Belgrade"]
[Date "2010.10.07"]
[Round "7"]
[White "Djosic, Slavoljub"]
[Black "Orlov, Pavle"]
[Result "1/2-1/2"]
[WhiteElo "2255"]
[BlackElo "2238"]
[PlyCount "51"]
[EventDate "2010.10.01"]
[EventType "team-tourn"]
[EventRounds "11"]
[EventCountry "YUG"]
[SourceTitle "CBM 138 Extra"]
[Source "ChessBase"]
[SourceDate "2010.10.29"]
[SourceVersion "1"]
[SourceVersionDate "2010.10.29"]
[SourceQuality "1"]

1. b3 e5 2. Bb2 Nc6 3. c4 Nf6 4. Nf3 e4 5. Nd4 Bc5 6. e3 0-0 7. Nxc6 dxc6 8. d4 exd3 9. Bxd3 Qd6 10. Nc3 Bg4 11. Be2 Qe6 12. 0-0 Rad8 13. Qc2 Bf5 14. Qc1 Rd7 15. Na4 Be7 16. Qc3 Rfd8 17. c5 Ne8 18. Rad1 Qg6 19. Rxd7 Rxd7 20. Rd1 Bh3 21. g3 Rxd1+ 22. Bxd1 b5 23. cxb6 axb6 24. Bc2 Qd6 25. Qd3 Qxd3 26. Bxd3 1/2-1/2

[Event "SRB-chT"]
[Site "Belgrade"]
[Date "2010.10.06"]
[Round "6"]
[White "Jovanovic, Zoran"]
[Black "Djosic, Slavoljub"]
[Result "1-0"]
[WhiteElo "2339"]
[BlackElo "2255"]
[PlyCount "44"]
[EventDate "2010.10.01"]
[EventType "team-tourn"]
[EventRounds "11"]
[EventCountry "YUG"]
[SourceTitle "CBM 138 Extra"]
[Source "ChessBase"]
[SourceDate "2010.10.29"]
[SourceVersion "1"]
[SourceVersionDate "2010.10.29"]
[SourceQuality "1"]

1. e4 e5 2. Bc4 Nf6 3. d3 c6 4. Nf3 Be7 5. 0-0 d6 6. Re1 0-0 7. Bb3 Nbd7 8. c3 Qc7 9. a4 Nc5 10. Bc2 Bg4 11. Nbd2 Rad8 12. h3 Bc8 13. Nf1 Rfe8 14. a5 Ne6 15. d4 g6 16. Ng3 Ng7 17. Bh6 Bf8 18. Qc1 Kh8 19. b3 Ng8 20. Be3 c5 21. Qb1 Ne6 22. b4 b6 1-0